[Event "AUT-ch 2018"]
[Site "Vienna"]
[Date "2018.07.28"]
[Round "8"]
[White "Hupfer, Robert"]
[Black "Hiermann, Dietmar"]
[Result "1/2-1/2"]
[WhiteElo "2122"]
[BlackElo "2202"]
[Annotator "NA"]
[PlyCount "62"]
[EventDate "2018.07.22"]
[EventType "swiss"]
[EventCountry "AUT"]
[SourceTitle "playchess.com"]
[Source "ChessBase"]
[SourceQuality "1"]
[TimeControl "40/5400+30:1800+30"]

1. d4 {[%emt 0:00:00]} d5 {[%emt 0:00:04]} 2. c4 {[%emt 0:00:00]} e6 {[%emt 0:00:05]} 3. Nc3 {[%emt 0:00:00]} Nf6 {[%emt 0:00:06]} 4. cxd5 {[%emt 0:00:04]} exd5 {[%emt 0:00:07]} 5. Bg5 {[%emt 0:00:06]} Be7 {[%emt 0:00:21]} 6. e3 {[%emt 0:00:08]} c6 {[%emt 0:00:53]} 7. Qc2 {[%emt 0:00:26]} Nbd7 {[%emt 0:00:14]} 8. Nf3 {[%emt 0:00:42]} O-O {[%emt 0:00:38]} 9. Bd3 {[%emt 0:00:23]} Re8 {[%emt 0:01:17]} 10. O-O {[%emt 0:00:14]} Nf8 {[%emt 0:02:51]} 11. h3 {[%emt 0:01:20]} Nh5 {[%emt 0:04:18]} 12. Bxe7 {[%emt 0:02:57]} Qxe7 {[%emt 0:02:12]} 13. Rfe1 {[%emt 0:02:46]} Nf6 {[%emt 0:01:42]} 14. e4 {[%emt 0:05:41]} dxe4 {[%emt 0:02:47]} 15. Nxe4 {[%emt 0:00:16]} Nxe4 {[%emt 0:02:09]} 16. Bxe4 {[%emt 0:13:17]} Be6 {[%emt 0:03:43]} 17. d5 {[%emt 0:07:42]} cxd5 {[%emt 0:00:12]} 18. Bxd5 {[%emt 0:01:40]} Qd7 {[%emt 0:09:51]} 19. Bxe6 {[%emt 0:00:53]} Rxe6 {[%emt 0:00:20]} 20. Rxe6 {[%emt 0:06:32]} Nxe6 {[%emt 0:02:30]} 21. Rd1 {[%emt 0:06:36]} Qb5 {[%emt 0:06:47]} 22. Nd4 {[%emt 0:08:12]} Nxd4 {[%emt 0:00:28]} 23. Rxd4 {[%emt 0:00:04]} h6 {[%emt 0:02:37]} 24. Qd2 {[%emt 0:07:24]} Qf5 {[%emt 0:02:12]} 25. Qd3 {[%emt 0:02:34]} Qe6 {[%emt 0:00:36]} 26. Qe4 {[%emt 0:15:20]} Re8 {[%emt 0:02:34]} 27. Qxe6 {[%emt 0:00:49]} Rxe6 {[%emt 0:00:03]} 28. Rd7 {[%emt 0:02:17]} Rb6 {[%emt 0:00:11]} 29. b3 {[%emt 0:00:26]} g6 {[%emt 0:00:39]} 30. Kf1 {[%emt 0:00:20]} Kg7 {[%emt 0:00:48]} 31. Ke2 {[%emt 0:00:01]} Ra6 {[%emt 0:00:19]} 1/2-1/2

[Event "AUT-ch 2018"]
[Site "Vienna"]
[Date "2018.07.28"]
[Round "8"]
[White "Zojer, Stefan"]
[Black "Breneis, Lukas"]
[Result "1-0"]
[WhiteElo "2108"]
[BlackElo "2108"]
[Annotator "NA"]
[PlyCount "109"]
[EventDate "2018.07.22"]
[EventType "swiss"]
[EventCountry "AUT"]
[SourceTitle "playchess.com"]
[Source "ChessBase"]
[SourceQuality "1"]
[TimeControl "40/5400+30:1800+30"]

1. d4 {[%emt 0:00:00]} d5 {[%emt 0:00:06]} 2. e3 {[%emt 0:00:00]} Nf6 {[%emt 0:02:14]} 3. Bd3 {[%emt 0:00:35]} c5 {[%emt 0:01:25]} 4. b3 {[%emt 0:00:35]} Nc6 {[%emt 0:01:12]} 5. Nf3 {[%emt 0:00:43]} Bg4 {[%emt 0:01:08]} 6. Bb2 {[%emt 0:03:25]} e6 {[%emt 0:03:22]} 7. O-O {[%emt 0:00:28]} Bd6 {[%emt 0:12:02]} 8. Nbd2 {[%emt 0:01:13]} O-O {[%emt 0:03:17]} 9. a3 {[%emt 0:03:27]} cxd4 {[%emt 0:06:57]} 10. exd4 {[%emt 0:00:31]} Rc8 {[%emt 0:10:50]} 11. Re1 {[%emt 0:08:44]} Re8 {[%emt 0:03:57]} 12. Qb1 {[%emt 0:05:40]} Qb6 {[%emt 0:04:17]} 13. c4 {[%emt 0:04:13]} Bxf3 {[%emt 0:09:16]} 14. Nxf3 {[%emt 0:06:08]} Qxb3 {[%emt 0:08:24]} 15. Re3 {[%emt 0:02:22]} Qa4 {[%emt 0:05:01]} 16. Ne5 {[%emt 0:04:41]} Ne7 {[%emt 0:09:45]} 17. c5 {[%emt 0:07:04]} Bxe5 {[%emt 0:01:04]} 18. dxe5 {[%emt 0:02:01]} Ne4 {[%emt 0:00:31]} 19. Bxe4 {[%emt 0:07:00]} dxe4 {[%emt 0:00:08]} 20. Rxe4 {[%emt 0:00:25]} Qc6 {[%emt 0:01:44]} 21. a4 {[%emt 0:06:25]} Qxc5 {[%emt 0:03:58]} 22. Bd4 {[%emt 0:01:52]} Qd5 {[%emt 0:00:10]} 23. Bxa7 {[%emt 0:02:30]} Nc6 {[%emt 0:05:27]} 24. Be3 {[%emt 0:03:29]} Nxe5 {[%emt 0:00:40]} 25. Rb4 {[%emt 0:01:54]} Nc4 {[%emt 0:03:55]} 26. Rb5 {[%emt 0:05:27]} Qd6 {[%emt 0:00:04]} 27. Rxb7 {[%emt 0:01:07]} Nxe3 {[%emt 0:01:46]} 28. fxe3 {[%emt 0:00:15]} Qc5 {[%emt 0:00:01]} 29. Qe4 {[%emt 0:01:18]} Red8 {[%emt 0:01:12]} 30. a5 {[%emt 0:02:33]} Qc3 {[%emt 0:00:45]} 31. Rf1 {[%emt 0:01:46]} Rc4 {[%emt 0:00:29]} 32. Qf3 {[%emt 0:01:14]} f5 {[%emt 0:00:01]} 33. a6 {[%emt 0:01:04]} Re4 {[%emt 0:01:16]} 34. a7 {[%emt 0:01:16]} Rxe3 {[%emt 0:00:21]} 35. Qd1 {[%emt 0:04:16]} Red3 {[%emt 0:00:16]} 36. Qa1 {[%emt 0:01:48]} Qc5+ {[%emt 0:00:18]} 37. Kh1 {[%emt 0:00:26]} Qf8 {[%emt 0:00:01]} 38. Rfb1 {[%emt 0:02:49]} Ra8 {[%emt 0:01:24]} 39. Qa6 {[%emt 0:00:58]} Rd6 {[%emt 0:00:35]} 40. Qxd6 {[%emt 0:00:36]} Qxd6 {[%emt 0:30:07]} 41. Rb8+ {[%emt 0:30:06]} Kf7 {[%emt 0:00:00]} 42. Rxa8 {[%emt 0:00:00]} Qa3 {[%emt 0:00:00]} 43. Rab8 {[%emt 0:00:00]} Qxa7 {[%emt 0:00:00]} 44. R8b7+ {[%emt 0:00:00]} Qxb7 {[%emt 0:00:00]} 45. Rxb7+ {[%emt 0:00:00]} Kf6 {[%emt 0:00:00]} 46. Kg1 {[%emt 0:00:00]} e5 {[%emt 0:00:00]} 47. Rb6+ {[%emt 0:00:00]} Kg5 {[%emt 0:00:00]} 48. Re6 {[%emt 0:00:00]} e4 {[%emt 0:00:00]} 49. Kf2 {[%emt 0:00:00]} Kf4 {[%emt 0:00:00]} 50. Re7 {[%emt 0:00:00]} g5 {[%emt 0:00:00]} 51. g3+ {[%emt 0:00:00]} Kg4 {[%emt 0:00:00]} 52. Rxh7 {[%emt 0:00:00]} f4 {[%emt 0:00:00]} 53. h3+ {[%emt 0:00:00]} Kf5 {[%emt 0:00:00]} 54. g4+ {[%emt 0:00:00]} Ke5 {[%emt 0:00:00]} 55. Rd7 {[%emt 0:00:00]} 1-0

[Event "AUT-ch 2018"]
[Site "Vienna"]
[Date "2018.07.28"]
[Round "8"]
[White "Pacher, Simon"]
[Black "Steiner, Bruno"]
[Result "1-0"]
[WhiteElo "2097"]
[BlackElo "2194"]
[Annotator "NA"]
[PlyCount "33"]
[EventDate "2018.07.22"]
[EventType "swiss"]
[EventCountry "AUT"]
[SourceTitle "playchess.com"]
[Source "ChessBase"]
[SourceQuality "1"]
[TimeControl "40/5400+30:1800+30"]

1. e4 {[%emt 0:00:00]} e5 {[%emt 0:00:27]} 2. Nf3 {[%emt 0:00:00]} Nc6 {[%emt 0:00:07]} 3. Bb5 {[%emt 0:00:00]} a6 {[%emt 0:00:06]} 4. Bxc6 {[%emt 0:00:03]} dxc6 {[%emt 0:00:05]} 5. O-O {[%emt 0:00:06]} Bg4 {[%emt 0:00:58]} 6. h3 {[%emt 0:00:06]} h5 {[%emt 0:00:10]} 7. d3 {[%emt 0:00:07]} Qf6 {[%emt 0:00:10]} 8. Nbd2 {[%emt 0:00:11]} g5 {[%emt 0:00:59]} 9. Nc4 {[%emt 0:02:03]} Bxf3 {[%emt 0:04:58]} 10. Qxf3 {[%emt 0:00:08]} Qxf3 {[%emt 0:00:08]} 11. gxf3 {[%emt 0:00:05]} f6 {[%emt 0:00:09]} 12. h4 {[%emt 0:00:09]} gxh4 {[%emt 0:00:45]} 13. f4 {[%emt 0:00:08]} exf4 {[%emt 0:02:18]} 14. Bxf4 {[%emt 0:00:10]} Kd7 {[%emt 0:00:50]} 15. a4 {[%emt 0:03:55]} Bd6 {[%emt 0:06:14]} 16. Bxd6 {[%emt 0:01:29]} cxd6 {[%emt 0:09:19]} 17. Nb6+ {[%emt 0:00:14]} 1-0

[Event "AUT-ch 2018"]
[Site "Vienna"]
[Date "2018.07.28"]
[Round "8"]
[White "Hatzl, Johannes"]
[Black "Zimmermann, Heinz"]
[Result "0-1"]
[WhiteElo "2068"]
[BlackElo "2162"]
[Annotator "NA"]
[PlyCount "89"]
[EventDate "2018.07.22"]
[EventType "swiss"]
[EventCountry "AUT"]
[SourceTitle "playchess.com"]
[Source "ChessBase"]
[SourceQuality "1"]
[TimeControl "40/5400+30:1800+30"]

1. e4 {[%emt 0:00:00]} c5 {[%emt 0:00:04]} 2. Nf3 {[%emt 0:00:00]} a6 {[%emt 0:04:33]} 3. c3 {[%emt 0:01:25]} Nf6 {[%emt 0:00:06]} 4. e5 {[%emt 0:00:23]} Nd5 {[%emt 0:00:04]} 5. d4 {[%emt 0:01:28]} cxd4 {[%emt 0:00:08]} 6. Bc4 {[%emt 0:01:50]} Nb6 {[%emt 0:00:30]} 7. Bb3 {[%emt 0:00:12]} d5 {[%emt 0:06:14]} 8. exd6 {[%emt 0:02:09]} Qxd6 {[%emt 0:00:09]} 9. cxd4 {[%emt 0:01:44]} Be6 {[%emt 0:01:48]} 10. Bc2 {[%emt 0:04:29]} Nc6 {[%emt 0:03:59]} 11. Nc3 {[%emt 0:04:11]} Rd8 {[%emt 0:04:19]} 12. O-O {[%emt 0:03:44]} Bg4 {[%emt 0:08:13]} 13. Be3 {[%emt 0:04:31]} e6 {[%emt 0:03:06]} 14. Qe2 {[%emt 0:09:48]} Be7 {[%emt 0:04:53]} 15. Rfd1 {[%emt 0:01:12]} Nd5 {[%emt 0:12:25]} 16. Bc1 {[%emt 0:17:04]} O-O {[%emt 0:11:26]} 17. a3 {[%emt 0:04:01]} Nf6 {[%emt 0:07:13]} 18. Be3 {[%emt 0:01:04]} Rc8 {[%emt 0:02:03]} 19. h3 {[%emt 0:08:52]} Bh5 {[%emt 0:00:13]} 20. Rac1 {[%emt 0:00:43]} b5 {[%emt 0:03:44]} 21. Ne4 {[%emt 0:04:48]} Nxe4 {[%emt 0:04:16]} 22. Bxe4 {[%emt 0:00:01]} Na5 {[%emt 0:00:46]} 23. Bd3 {[%emt 0:02:34]} Qd5 {[%emt 0:01:33]} 24. g4 {[%emt 0:01:30]} Bg6 {[%emt 0:00:07]} 25. Nd2 {[%emt 0:03:06]} Bxd3 {[%emt 0:06:29]} 26. Qxd3 {[%emt 0:00:07]} Nc4 {[%emt 0:04:11]} 27. Rc2 {[%emt 0:02:06]} Ne5 {[%emt 0:03:03]} 28. Qe2 {[%emt 0:02:30]} Rxc2 {[%emt 0:00:23]} 29. dxe5 {[%emt 0:00:03]} Rd8 {[%emt 0:00:56]} 30. b4 {[%emt 0:00:52]} h6 {[%emt 0:01:32]} 31. f4 {[%emt 0:01:39]} Bh4 {[%emt 0:00:40]} 32. a4 {[%emt 0:01:04]} Qd3 {[%emt 0:01:45]} 33. Kf1 {[%emt 0:00:04]} bxa4 {[%emt 0:00:28]} 34. Qxd3 {[%emt 0:00:29]} Rxd3 {[%emt 0:00:21]} 35. Ke2 {[%emt 0:00:03]} Rb3 {[%emt 0:01:30]} 36. Rg1 {[%emt 0:00:22]} Rbb2 {[%emt 0:01:27]} 37. Kd3 {[%emt 0:00:46]} Rc7 {[%emt 0:00:57]} 38. Bc5 {[%emt 0:00:40]} Rd7+ {[%emt 0:00:51]} 39. Bd6 {[%emt 0:00:05]} Rxb4 {[%emt 0:00:21]} 40. Nc4 {[%emt 0:00:42]} Be7 {[%emt 0:30:51]} 41. Kd4 {[%emt 0:30:46]} Bxd6 {[%emt 0:00:00]} 42. exd6 {[%emt 0:00:00]} Rxd6+ {[%emt 0:00:00]} 43. Kc5 {[%emt 0:00:00]} Rxc4+ {[%emt 0:00:00]} 44. Kxc4 {[%emt 0:00:00]} Rd2 {[%emt 0:00:00]} 45. Ra1 {[%emt 0:00:00]} 0-1

[Event "AUT-ch 2018"]
[Site "Vienna"]
[Date "2018.07.28"]
[Round "8"]
[White "Mayrhuber, Nikola"]
[Black "Mira, Helene"]
[Result "1-0"]
[WhiteElo "2046"]
[BlackElo "2046"]
[Annotator "NA"]
[PlyCount "109"]
[EventDate "2018.07.22"]
[EventType "swiss"]
[EventCountry "AUT"]
[SourceTitle "playchess.com"]
[Source "ChessBase"]
[SourceQuality "1"]
[TimeControl "40/5400+30:1800+30"]

1. d4 {[%emt 0:00:00]} d6 {[%emt 0:00:05]} 2. c4 {[%emt 0:00:00]} e5 {[%emt 0:00:02]} 3. Nf3 e4 {[%emt 0:00:06]} 4. Ng5 {[%emt 0:00:06]} f5 {[%emt 0:00:03]} 5. g3 {[%emt 0:00:15]} Be7 {[%emt 0:00:10]} 6. Nh3 {[%emt 0:00:08]} Nf6 {[%emt 0:00:01]} 7. Nc3 {[%emt 0:00:33]} c6 {[%emt 0:00:17]} 8. Bg2 {[%emt 0:00:38]} O-O {[%emt 0:00:31]} 9. O-O {[%emt 0:02:47]} Na6 {[%emt 0:00:05]} 10. d5 {[%emt 0:02:42]} Nc7 {[%emt 0:00:31]} 11. f3 {[%emt 0:03:04]} cxd5 {[%emt 0:00:09]} 12. cxd5 {[%emt 0:00:53]} exf3 {[%emt 0:00:08]} 13. Bxf3 {[%emt 0:01:00]} b5 {[%emt 0:00:19]} 14. a3 {[%emt 0:01:58]} a5 {[%emt 0:01:02]} 15. Nf4 {[%emt 0:03:24]} b4 {[%emt 0:00:34]} 16. Na2 {[%emt 0:16:40]} Rb8 {[%emt 0:07:25]} 17. axb4 {[%emt 0:01:09]} axb4 {[%emt 0:00:08]} 18. Qd4 {[%emt 0:02:27]} Na6 {[%emt 0:03:03]} 19. Bd2 {[%emt 0:03:28]} Nc5 {[%emt 0:00:40]} 20. Qe3 {[%emt 0:10:07]} b3 {[%emt 0:02:28]} 21. Nb4 {[%emt 0:03:12]} Bd7 {[%emt 0:01:16]} 22. Ra7 {[%emt 0:10:28]} Re8 {[%emt 0:07:51]} 23. Nc6 {[%emt 0:05:56]} Qb6 {[%emt 0:08:04]} 24. Ba5 {[%emt 0:01:14]} Qb5 {[%emt 0:00:13]} 25. Nxe7+ {[%emt 0:06:37]} Kf7 {[%emt 0:00:21]} 26. Bc7 {[%emt 0:01:23]} Rxe7 {[%emt 0:00:17]} 27. Qd4 {[%emt 0:02:26]} Rc8 {[%emt 0:04:26]} 28. Bxd6 {[%emt 0:00:21]} Ree8 {[%emt 0:00:20]} 29. Bxc5 {[%emt 0:04:31]} Qxc5 {[%emt 0:00:35]} 30. Qxc5 {[%emt 0:00:57]} Rxc5 {[%emt 0:00:02]} 31. Rb7 {[%emt 0:01:06]} Rb5 {[%emt 0:01:04]} 32. Rc7 {[%emt 0:02:34]} Ke7 {[%emt 0:03:14]} 33. Rd1 {[%emt 0:06:25]} Kd6 {[%emt 0:00:14]} 34. Ra7 {[%emt 0:00:13]} Rb6 {[%emt 0:00:42]} 35. Ne6 {[%emt 0:04:32]} g6 {[%emt 0:00:30]} 36. Nc7 {[%emt 0:00:39]} Rc8 {[%emt 0:00:45]} 37. Na8 {[%emt 0:00:38]} Rbb8 {[%emt 0:00:50]} 38. Ra6+ {[%emt 0:00:14]} Ke7 {[%emt 0:01:23]} 39. d6+ {[%emt 0:01:37]} Kd8 {[%emt 0:00:02]} 40. Nc7 {[%emt 0:00:46]} Rb4 {[%emt 0:31:23]} 41. Rd3 {[%emt 0:04:33]} Ne4 {[%emt 0:00:00]} 42. Bxe4 {[%emt 0:06:10]} Rxe4 {[%emt 0:00:00]} 43. Kf2 {[%emt 0:00:45]} Rb8 {[%emt 0:00:00]} 44. Ra7 {[%emt 0:01:16]} Reb4 {[%emt 0:00:00]} 45. Na6 {[%emt 0:03:53]} R4b7 {[%emt 0:00:00]} 46. Nxb8 {[%emt 0:00:36]} Rxa7 {[%emt 0:00:00]} 47. Rxb3 {[%emt 0:00:08]} Kc8 {[%emt 0:00:00]} 48. Rb6 {[%emt 0:02:42]} Ra5 {[%emt 0:00:00]} 49. Na6 {[%emt 0:05:14]} Be6 {[%emt 0:00:00]} 50. b4 {[%emt 0:01:12]} Re5 {[%emt 0:00:32]} 51. Nc5 {[%emt 0:01:18]} g5 {[%emt 0:02:53]} 52. Ra6 {[%emt 0:03:54]} Bd5 {[%emt 0:03:00]} 53. d7+ {[%emt 0:00:56]} Kc7 {[%emt 0:01:17]} 54. Rd6 {[%emt 0:00:43]} Kd8 {[%emt 0:00:55]} 55. Rf6 {[%emt 0:00:58]} 1-0

[Event "AUT-ch 2018"]
[Site "Vienna"]
[Date "2018.07.28"]
[Round "8"]
[White "Zanon, Magnus"]
[Black "Hapala, Elisabeth"]
[Result "0-1"]
[WhiteElo "2022"]
[BlackElo "2131"]
[Annotator "NA"]
[PlyCount "62"]
[EventDate "2018.07.22"]
[EventType "swiss"]
[EventCountry "AUT"]
[SourceTitle "playchess.com"]
[Source "ChessBase"]
[SourceQuality "1"]
[TimeControl "40/5400+30:1800+30"]

1. b3 {[%emt 0:00:00]} e5 {[%emt 0:00:06]} 2. Bb2 {[%emt 0:00:00]} Nc6 {[%emt 0:00:04]} 3. e3 {[%emt 0:00:00]} Nf6 {[%emt 0:00:08]} 4. g3 {[%emt 0:03:45]} d5 {[%emt 0:00:30]} 5. Bg2 {[%emt 0:02:39]} Bg4 {[%emt 0:00:51]} 6. f3 {[%emt 0:12:40]} Bf5 {[%emt 0:04:35]} 7. Ne2 {[%emt 0:01:22]} Qd7 {[%emt 0:03:57]} 8. Na3 {[%emt 0:04:26]} Bh3 {[%emt 0:06:52]} 9. O-O {[%emt 0:02:49]} h5 {[%emt 0:02:04]} 10. Rf2 {[%emt 0:05:27]} O-O-O {[%emt 0:07:56]} 11. c3 {[%emt 0:06:09]} Bxg2 {[%emt 0:08:05]} 12. Rxg2 {[%emt 0:00:15]} h4 {[%emt 0:00:07]} 13. b4 {[%emt 0:02:57]} hxg3 {[%emt 0:21:58]} 14. Nxg3 {[%emt 0:00:11]} e4 {[%emt 0:02:59]} 15. f4 {[%emt 0:02:04]} Qh3 {[%emt 0:00:57]} 16. Nb5 {[%emt 0:01:03]} g5 {[%emt 0:08:46]} 17. c4 {[%emt 0:05:58]} d4 {[%emt 0:02:13]} 18. Nxd4 {[%emt 0:04:09]} Nxd4 {[%emt 0:01:30]} 19. Bxd4 {[%emt 0:00:21]} Rxd4 {[%emt 0:00:25]} 20. fxg5 {[%emt 0:02:30]} Rxc4 {[%emt 0:06:26]} 21. gxf6 {[%emt 0:01:33]} Rxb4 {[%emt 0:02:33]} 22. Rb1 {[%emt 0:01:36]} Qh6 {[%emt 0:11:29]} 23. Rxb4 {[%emt 0:00:25]} Bxb4 {[%emt 0:00:01]} 24. Qg4+ {[%emt 0:00:19]} Kb8 {[%emt 0:00:22]} 25. Nxe4 {[%emt 0:00:10]} a6 {[%emt 0:00:29]} 26. Ng5 {[%emt 0:03:46]} Bd6 {[%emt 0:03:07]} 27. Nxf7 {[%emt 0:00:52]} Bxh2+ {[%emt 0:00:26]} 28. Kh1 {[%emt 0:00:06]} Qh7 {[%emt 0:00:14]} 29. Nxh8 {[%emt 0:00:09]} Bg3+ {[%emt 0:00:27]} 30. Qh3 {[%emt 0:01:09]} Qxh3+ {[%emt 0:00:27]} 31. Kg1 {[%emt 0:00:03]} Qxh8 {[%emt 0:00:19]} 0-1

[Event "AUT-ch 2018"]
[Site "Vienna"]
[Date "2018.07.28"]
[Round "8"]
[White "Riemelmoser, Stefan"]
[Black "Berger, Tobias"]
[Result "1-0"]
[WhiteElo "1957"]
[BlackElo "2074"]
[Annotator "NA"]
[PlyCount "61"]
[EventDate "2018.07.22"]
[EventType "swiss"]
[EventCountry "AUT"]
[SourceTitle "playchess.com"]
[Source "ChessBase"]
[SourceQuality "1"]
[TimeControl "40/5400+30:1800+30"]

1. e4 {[%emt 0:00:00]} Nf6 {[%emt 0:00:02]} 2. e5 {[%emt 0:00:00]} Nd5 {[%emt 0:00:02]} 3. c4 {[%emt 0:00:00]} Nb6 {[%emt 0:00:09]} 4. d4 {[%emt 0:00:00]} d6 {[%emt 0:00:05]} 5. exd6 {[%emt 0:00:05]} cxd6 {[%emt 0:00:05]} 6. Nc3 {[%emt 0:00:21]} g6 {[%emt 0:00:06]} 7. Be3 {[%emt 0:00:16]} Bg7 {[%emt 0:00:06]} 8. Rc1 {[%emt 0:00:13]} O-O {[%emt 0:00:28]} 9. b3 {[%emt 0:00:11]} Nc6 {[%emt 0:00:14]} 10. d5 {[%emt 0:00:23]} Ne5 {[%emt 0:00:18]} 11. Be2 {[%emt 0:00:24]} Re8 {[%emt 0:01:04]} 12. Nf3 {[%emt 0:09:24]} Nxf3+ {[%emt 0:00:15]} 13. Bxf3 {[%emt 0:00:07]} Nd7 {[%emt 0:00:02]} 14. O-O {[%emt 0:02:11]} Nf6 {[%emt 0:04:57]} 15. h3 {[%emt 0:09:10]} Bd7 {[%emt 0:01:34]} 16. b4 {[%emt 0:04:10]} a5 {[%emt 0:06:12]} 17. a3 {[%emt 0:01:00]} axb4 {[%emt 0:09:48]} 18. axb4 {[%emt 0:00:02]} Ra3 {[%emt 0:00:14]} 19. Qd2 {[%emt 0:06:43]} b6 {[%emt 0:31:43]} 20. Ne2 {[%emt 0:08:13]} Qc7 {[%emt 0:03:40]} 21. c5 {[%emt 0:03:32]} bxc5 {[%emt 0:00:26]} 22. bxc5 {[%emt 0:00:25]} dxc5 {[%emt 0:00:42]} 23. Bxc5 {[%emt 0:00:12]} Rxf3 {[%emt 0:00:06]} 24. gxf3 {[%emt 0:03:25]} Bxh3 {[%emt 0:02:53]} 25. Rfd1 {[%emt 0:15:03]} Qe5 {[%emt 0:06:20]} 26. Qe3 {[%emt 0:02:45]} Nh5 {[%emt 0:27:34]} 27. Bd4 {[%emt 0:15:04]} Qd6 {[%emt 0:01:32]} 28. Bc5 {[%emt 0:04:21]} Qe5 {[%emt 0:01:17]} 29. Rb1 {[%emt 0:09:38]} Bf5 {[%emt 0:00:58]} 30. Rb6 {[%emt 0:02:18]} Nf6 {[%emt 0:02:00]} 31. Qxe5 1-0

[Event "AUT-ch 2018"]
[Site "Vienna"]
[Date "2018.07.29"]
[Round "9"]
[White "Diermair, Andreas"]
[Black "Kummer, Helmut"]
[Result "1-0"]
[WhiteElo "2508"]
[BlackElo "2290"]
[Annotator "TA"]
[PlyCount "99"]
[EventDate "2018.07.22"]
[EventType "swiss"]
[EventCountry "AUT"]
[SourceTitle "playchess.com"]
[Source "ChessBase"]
[SourceQuality "1"]

{[%evp 25,99,66,71,74,93,45,94,81,130,123,129,136,143,132,153,152,151,113,143,139,158,111,122,113,157,116,155,116,119,140,125,130,202,197,206,204,179,182,172,176,185,181,188,170,181,172,297,284,265,254,260,0,0,0,283,275,595,582,735,712,957,952,873,824,1018,936,12841,1117,12840,12840,29996,29997,29997,29991,29991,29992]} 1. Nf3 Nf6 2. c4 g6 3. Nc3 Bg7 4. e4 d6 5. d4 {[%cal Bd2d4,Bd4d5][%mdl 32]} O-O 6. Be2 e5 7. O-O Nc6 8. d5 Ne7 {[%cal Bc6e7,Be7g8,Bg8f6,Bf6g4][%mdl 32]} 9. b4 Ne8 10. Nd2 f5 11. a4 Kh8 12. c5 Ng8 13. Nc4 {E97: King's Indian: Classical Main Line (6...e5 7 0-0 Nc6): 8 Be3 and 8 d5 Ne7, not 9 Ne1} (13. Ba3 Ngf6 14. b5 Bh6 15. Bd3 Nh5 16. Nc4 Nf4 17. f3 Nxd3 18. Qxd3 f4 19. a5 g5 20. h3 Rg8 {1-0 (37) Arun Prasad,S (2531)-Perez Mitjans,O (2504) Badalona 2012}) 13... Ngf6 {LiveBook: 5 Games} 14. exf5 $146 ({Predecessor:} 14. f3 f4 15. Ba3 Rg8 16. b5 b6 17. cxd6 cxd6 18. a5 g5 19. Bb4 Rb8 20. axb6 axb6 {1-0 (36) Civin,T (2425)-Vitak,P (2223) Tabor 2009}) 14... gxf5 15. f4 {White is better.} e4 16. Be3 Ng4 {[#]} 17. Bd4 $1 Bxd4+ 18. Qxd4+ Qf6 19. Qd2 Rg8 20. Bxg4 Rxg4 21. Ne2 Bd7 22. Ne3 Rg6 23. Rfc1 Rd8 24. Nd4 Ng7 25. Qc3 h5 26. cxd6 cxd6 27. Ne2 Ne8 28. Ng3 Rc8 (28... Kg8 $16 {keeps fighting.} 29. Qxf6 (29. Nxh5 Qh4 $14) 29... Nxf6) 29. Qxf6+ $18 Nxf6 30. Rxc8+ (30. Ngxf5 $6 Rxc1+ 31. Rxc1 Bxf5 $16) 30... Bxc8 31. Rc1 Bd7 32. Rc7 (32. Ngxf5 $6 Bxf5 33. Nxf5 Nxd5 $16) 32... h4 33. Ne2 (33. Ngxf5 $6 Bxf5 34. Nxf5 Nxd5 $16) 33... Bxa4 34. Rxb7 (34. Nxf5 $6 Nxd5 35. Rxb7 Bd1 $16) 34... Bb3 35. Rb5 (35. Rxa7 $6 Nxd5 36. Nxf5 Bc4 $16) 35... Rg8 {[#]} (35... a6 $142 36. Ra5 Ng4 37. Nxf5 Bc4) 36. Nd4 $1 {[%cal Rd4b3]} Rc8 37. Ndxf5 (37. Nxb3 $6 Rc3 $16) 37... h3 38. Nxd6 $2 ({White should try} 38. g4 $18) 38... Rc1+ $11 39. Kf2 {Strongly threatening g4.} hxg2 $2 {[%mdl 8192]} (39... Ng4+ $1 $11 40. Nxg4 Rc2+ 41. Ke3 hxg2 42. Rb8+ Kh7 43. Kxe4 (43. Rb7+ Kh8 $16) 43... Re2+ 44. Kd3 Bxd5 45. Nf6+ (45. Kxe2 g1=Q $11) 45... Kg7 46. Nxd5 (46. Kxe2 g1=Q $11) 46... g1=Q 47. Rb7+ (47. Kxe2 Qg2+ 48. Ke3 Qxd5 $11) 47... Kg6 48. f5+ (48. Kxe2 Qg2+ 49. Ke3 Qxd5 $11) 48... Kh6 49. Nf7+ (49. Kxe2 Qg2+ 50. Ke3 Qxd5 $11) 49... Kh5 50. Nf4+ (50. Kxe2 Qg2+ 51. Ke3 Qxd5 $17) 50... Kg4 51. Nxe2 Qd1+ 52. Ke3 Qb3+ 53. Kd4 Qd1+ 54. Ke3 Qb3+ 55. Kd4 Qd1+ 56. Ke3) 40. Kxg2 $18 Bd1 $2 (40... Rc3 {is a better chance.}) 41. Nf7+ Kg7 42. Ne5 Nh5 43. Rb7+ Kg8 44. d6 Nxf4+ 45. Kg3 Ne6 46. Nf5 (46. Nd5 $142 Rc3+ 47. Nxc3) 46... Rc3+ 47. Kh4 e3 48. Nh6+ {White mates.} Kf8 49. Rf7+ Ke8 50. Re7+ {Precision: White = 76%, Black = 40%.} 1-0

[Event "AUT-ch 2018"]
[Site "Vienna"]
[Date "2018.07.29"]
[Round "9"]
[White "Dragnev, Valentin"]
[Black "Wallner, Joachim"]
[Result "1-0"]
[WhiteElo "2499"]
[BlackElo "2311"]
[Annotator "ChessBase"]
[PlyCount "67"]
[EventDate "2018.07.22"]
[EventType "swiss"]
[EventCountry "AUT"]
[SourceTitle "playchess.com"]
[Source "ChessBase"]
[SourceQuality "1"]
[TimeControl "40/5400+30:1800+30"]

1. d4 {[%emt 0:00:00]} d5 {[%emt 0:01:00]} 2. c4 {[%emt 0:00:00]} e6 {[%emt 0:00:35]} 3. Nc3 {[%emt 0:00:08]} Nf6 {[%emt 0:00:56]} 4. cxd5 {[%emt 0:00:09]} exd5 {[%emt 0:00:12]} 5. Bg5 {[%emt 0:00:05]} c6 {[%emt 0:02:40]} 6. e3 {[%emt 0:01:14]} Nbd7 {[%emt 0:05:29]} 7. Bd3 {[%emt 0:00:40]} Bd6 {[%emt 0:01:47]} 8. Nf3 {[%emt 0:08:31]} O-O {[%emt 0:03:24]} 9. Qc2 {[%emt 0:00:03]} h6 {[%emt 0:00:10]} 10. Bh4 {[%emt 0:00:02]} Re8 {[%emt 0:02:22]} 11. O-O-O {[%emt 0:04:07]} Qa5 {[%emt 0:03:29]} 12. Kb1 {[%emt 0:03:33]} Bb4 {[%emt 0:16:07]} 13. Nd2 {[%emt 0:07:32]} Bxc3 {[%emt 0:00:19]} 14. Qxc3 {[%emt 0:00:43]} Qxc3 {[%emt 0:00:04]} 15. bxc3 {[%emt 0:00:06]} Ne4 {[%emt 0:00:17]} 16. Nxe4 {[%emt 0:12:57]} dxe4 {[%emt 0:00:45]} 17. Be2 {[%emt 0:00:01]} Nb6 {[%emt 0:02:42]} 18. c4 {[%emt 0:03:04]} Be6 {[%emt 0:00:09]} 19. Rc1 {[%emt 0:00:13]} f6 {[%emt 0:03:38]} 20. g4 {[%emt 0:03:42]} Nc8 {[%emt 0:07:48]} 21. Bg3 {[%emt 0:03:28]} Ne7 {[%emt 0:00:13]} 22. h4 {[%emt 0:01:36]} g6 {[%emt 0:05:18]} 23. Kb2 {[%emt 0:04:35]} Rad8 {[%emt 0:04:49]} 24. a4 {[%emt 0:01:20]} Rd7 {[%emt 0:02:40]} 25. Kc3 {[%emt 0:06:31]} Kg7 {[%emt 0:16:16]} 26. a5 {[%emt 0:02:05]} g5 {[%emt 0:00:09]} 27. Rb1 {[%emt 0:00:59]} Ng6 {[%emt 0:01:04]} 28. h5 {[%emt 0:03:06]} Nf8 {[%emt 0:05:03]} 29. Rb2 {[%emt 0:10:56]} Nh7 {[%emt 0:00:48]} 30. c5 {[%emt 0:07:27]} Ree7 {[%emt 0:03:01]} 31. a6 {[%emt 0:02:16]} bxa6 {[%emt 0:00:03]} 32. Bxa6 {[%emt 0:01:30]} Bxg4 {[%emt 0:00:25]} 33. Bc8 {[%emt 0:00:19]} Bf3 {[%emt 0:00:04]} 34. Bxd7 {[%emt 0:00:08]} 1-0